| 000 | 00664nam a2200181 a 4500 | ||
|---|---|---|---|
| 001 | 000045340 | ||
| 005 | 20201002050058.0 | ||
| 008 | 150304s2014 pr 000 0 spa d | ||
| 020 | _a9789945581263 | ||
| 040 |
_aDO-SdBNP _bspa _cBNPHU |
||
| 100 | 1 |
_aArroyo de Jesús, Frances _973368 |
|
| 245 | 1 | 0 |
_aÁngeles Cuarteados : _balegoría del prostíbulo en el teatro Puertorriqueño / _cFrances Arroyo de Jesús. |
| 260 |
_aSan Juan, Puerto Rico _aSanto Domingo : _bIsla negra, _c2014. |
||
| 300 |
_a241 p. ; _c22 cm. |
||
| 500 | _aIncluye datos biografícos de la autora en la solapa | ||
| 500 | _aIncluye notas a pie de páginas | ||
| 504 | _aBibliografía p: 231-241 | ||
| 999 |
_c44829 _d44829 |
||